000 00788cam a2200265 a 4500
008
020 _a0826451608 (pbk.)
050 0 0 _aLC5219
_bHIL
100 1 _aHillier, Yvonne.
245 1 0 _aReflective teaching in further and adult education /
_cYvonne Hillier.
260 _aLondon :
_bContinuum,
_c2002.
300 _axii, 276 p. :
_bill. ;
_c22 cm.
504 _aIncludes bibliographical references.
500 _aincludes Index.
650 0 _aAdult education
_xPlanning.
650 0 _aAdult education teachers
_xTraining of.
650 0 _aEffective teaching.
650 0 _aAdult learning.
907 _a.b10270747
_b29-04-10
_c28-10-09
003
005 20230123125000.0
040 _cNUST
049 _aMAIN
942 _cBOOKS
999 _c133638
_d133638